000 00281nam a2200109Ia 4500
001 1275941
005 20260417160437.0
008 260417s9999 xx 000 0 und d
020 _a9786256495579
245 0 _aMinik Balığım Fırfır
_cCatherine Rayner
260 _bKetebe Çocuk
999 _c1275941
_d1275941